000 00732nam a2200217Ia 4500
003 GCL
008 140319s9999 xx 000 0 ara d
040 _aGCL /
_cGCL
082 0 4 _a962.43
_bج ا
100 1 _aهنرى رياض
245 1 0 _aالادارة البريطانية والحركة الوطنية فى السودان 1939-1919 /
_cهنرى رياض
700 1 _aجعفر محمد على بخيت
260 _a[S.N] :
_bالمطبوعات العربية للتأليف والترجمة
490 _a
650 0 4 _aالعصر الحديث
650 0 4 _aتاريخ
650 0 4 _aالسودان
650 0 4 _aحركات التحرير
650 0 4 _aالحكم المصرى البريطانى
942 _2ddc
_cBK
999 _c29953
_d29953